000 00303 a2200145 4500
001 154914
040 _cEscola São Tomás de Aquino
100 _aCISCATO
240 1 0 _aPLaneta Química
_lpor
245 1 0 _aPLaneta Química
300 _a192
440 1 _aÁtica
697 _aQUÍMICA
942 _cBK
999 _c154914
_d154914